|
|
|
|
| LEADER |
00914nam a2200253 a 4500 |
| 001 |
c000296437 |
| 003 |
CARM |
| 005 |
20100603102031.0 |
| 008 |
840124s1956 io b 000 0 ind d |
| 019 |
1 |
|
|a 50076184
|5 LACONCORD2021
|
| 035 |
|
|
|a (OCoLC)812551949
|5 LACONCORD2021
|
| 040 |
|
|
|a VCAV
|c VCAV
|
| 082 |
0 |
4 |
|a 349.598
|2 19
|
| 082 |
0 |
4 |
|a 340.3
|2 19
|
| 100 |
1 |
|
|a Gautama, Sudargo,
|d 1928-
|
| 245 |
1 |
0 |
|a Pembaharuan hukum di Indonesia /
|c oleh: Gouw Giok Siong.
|
| 260 |
|
|
|a Djakarta :
|b Keng PO,
|c 1956.
|
| 300 |
|
|
|a 82 p. ;
|c 22 cm.
|
| 500 |
|
|
|a Written by the author under his earlier name: Gouw Giok Siong.
|
| 650 |
|
0 |
|a Law
|z Indonesia.
|
| 650 |
|
0 |
|a Law reform
|z Indonesia.
|
| 852 |
8 |
|
|b CARM
|h A3:AI09B0
|i B11576
|p 0538532
|f BK
|
| 999 |
f |
f |
|i cf6f3ae7-e5e1-5e31-94a6-a83cef5ceaf3
|s db7368e2-1581-5e19-9717-47c07f97aceb
|
| 952 |
f |
f |
|p Can circulate
|a CAVAL
|b CAVAL
|c CAVAL
|d CARM 1 Store
|e B11576
|f A3:AI09B0
|h Other scheme
|i book
|m 0538532
|